000 00199nam a22000977a 4500
082 _a823
_bACH/T
100 _aACHUTHAN, MAVELIKKARA
245 _aTAJINTE KADHA
650 _aMALAYALAM STORY
942 _cBK
999 _c7653
_d7653